[Event "Moscow-ch final"]
[Site "Moscow"]
[Date "2019.04.02"]
[Round "4"]
[White "Brygov, Igor"]
[Black "Akhmedov, David"]
[Result "1/2-1/2"]
[WhiteElo "2052"]
[BlackElo "1657"]
[PlyCount "78"]
[EventDate "2019.03.30"]
[EventType "swiss"]
[EventRounds "9"]
[EventCountry "RUS"]
[SourceTitle "CBM 189 Extra"]
[Source "ChessBase"]
[SourceDate "2019.05.31"]
[SourceVersion "1"]
[SourceVersionDate "2019.05.31"]
[SourceQuality "1"]

1. Nf3 Nf6 2. c4 g6 3. d4 Bg7 4. g3 0-0 5. Bg2 d6 6. Nc3 Nc6 7. 0-0 e5 8. d5 Ne7 9. e4 Ne8 10. b4 h6 11. c5 f5 12. Nd2 f4 13. f3 fxg3 14. hxg3 g5 15. Nc4 Ng6 16. Be3 h5 17. Qd2 Bf6 18. f4 gxf4 19. gxf4 Nxf4 20. Bxf4 exf4 21. e5 dxe5 22. Ne4 Bg7 23. Rae1 Bg4 24. Qc3 f3 25. Bxf3 Bxf3 26. Rxf3 Rxf3 27. Qxf3 Qxd5 28. Ne3 Qf7 29. Nf5 Qg6+ 30. Kh2 Qg4 31. Ne7+ Kh7 32. Qxg4 hxg4 33. Ng5+ Kh6 34. Nf7+ Kh7 35. Kg3 Bf6 36. Nd5 Kg7 37. Nxe5 c6 38. Nxf6 Nxf6 39. Nxg4 Nd5 1/2-1/2

[Event "Moscow-ch final"]
[Site "Moscow"]
[Date "2019.03.30"]
[Round "1"]
[White "Kozionov, Kirill"]
[Black "Brygov, Igor"]
[Result "1-0"]
[WhiteElo "2458"]
[BlackElo "2052"]
[PlyCount "87"]
[EventDate "2019.03.30"]
[EventType "swiss"]
[EventRounds "9"]
[EventCountry "RUS"]
[SourceTitle "CBM 189 Extra"]
[Source "ChessBase"]
[SourceDate "2019.05.31"]
[SourceVersion "1"]
[SourceVersionDate "2019.05.31"]
[SourceQuality "1"]

1. d4 e6 2. c4 f5 3. Nf3 Nf6 4. g3 g6 5. Bg2 Bg7 6. 0-0 d6 7. Nc3 Nc6 8. d5 exd5 9. cxd5 Ne7 10. Qa4+ Bd7 11. Qb3 0-0 12. Ng5 h6 13. Ne6 Bxe6 14. dxe6 Rb8 15. Be3 b6 16. Rac1 a6 17. Rfd1 Kh7 18. Bd4 c5 19. Be5 Ne8 20. Bxg7 Nxg7 21. Qa4 Nxe6 22. Qxa6 Rf6 23. Rd2 Nc7 24. Qa7 Kh8 25. Rcd1 b5 26. Rxd6 Rxd6 27. Rxd6 Qxd6 28. Qxb8+ Kg7 29. Nxb5 Qd1+ 30. Bf1 Nxb5 31. Qxb5 Qc1 32. e3 f4 33. Qd7 Kf8 34. Qd8+ Kf7 35. exf4 Nf5 36. Qd5+ Kf8 37. Qc4 Qxb2 38. Qxc5+ Ne7 39. a4 Qa1 40. a5 Kf7 41. a6 Nf5 42. a7 Nd4 43. Qxd4 Qxd4 44. a8Q 1-0

[Event "Khanty-Mansiysk Governor Cup 7th"]
[Site "Khanty-Mansiysk"]
[Date "2011.09.01"]
[Round "2"]
[White "Denisov, Ivan"]
[Black "Brygov, Igor"]
[Result "1-0"]
[WhiteElo "2323"]
[BlackElo "1930"]
[PlyCount "87"]
[EventDate "2011.08.31"]
[EventType "swiss"]
[EventRounds "9"]
[EventCountry "RUS"]
[SourceTitle "CBM 144 Extra"]
[Source "ChessBase"]
[SourceDate "2011.10.28"]
[SourceVersion "1"]
[SourceVersionDate "2011.10.28"]
[SourceQuality "1"]

1. e4 e6 2. d3 d5 3. Nd2 b6 4. g3 Bb7 5. Bg2 c5 6. Ne2 Nc6 7. 0-0 Nf6 8. h3 dxe4 9. dxe4 Qc7 10. c3 Bd6 11. f4 e5 12. Nc4 0-0-0 13. Qa4 Kb8 14. a3 a6 15. Qb3 b5 16. Nxd6 Qxd6 17. Qc2 Qd3 18. Qxd3 Rxd3 19. Re1 Nd7 20. a4 Nb6 21. axb5 axb5 22. Kf2 Na4 23. Ng1 c4 24. Rxa4 bxa4 25. Bf1 Rd6 26. Bxc4 Rhd8 27. Bxf7 Rd1 28. Nf3 Rxe1 29. Kxe1 Rf8 30. Bc4 exf4 31. gxf4 Na5 32. Bd3 Re8 33. Ne5 Nc6 34. Nd7+ Kc7 35. Nc5 Bc8 36. h4 Bf5 37. Kf2 Bd7 38. e5 h6 39. Bc2 g5 40. hxg5 hxg5 41. Bxa4 gxf4 42. Bxf4 Rf8 43. Ke3 Bf5 44. e6+ 1-0

[Event "Khanty-Mansiysk Governor Cup"]
[Site "Khanty-Mansiysk"]
[Date "2007.11.29"]
[Round "9"]
[White "Korneev, Dm V"]
[Black "Brygov, Igor"]
[Result "0-1"]
[WhiteElo "2210"]
[BlackElo "1900"]
[PlyCount "36"]
[EventDate "2007.11.21"]
[EventType "swiss"]
[EventRounds "9"]
[EventCountry "RUS"]
[SourceTitle "CBM 121 Extra"]
[Source "ChessBase"]
[SourceDate "2008.01.10"]
[SourceVersion "1"]
[SourceVersionDate "2008.01.10"]
[SourceQuality "1"]

1. f4 g6 2. Nf3 d6 3. e3 Bg7 4. d4 c5 5. c3 cxd4 6. exd4 Nf6 7. Bd3 0-0 8. 0-0 Nc6 9. Nbd2 e5 10. fxe5 dxe5 11. Ne4 exd4 12. Nxd4 Nxe4 13. Nxc6 Qb6+ 14. Kh1 Nf2+ 15. Rxf2 Qxf2 16. Ne7+ Kh8 17. Qb3 Qe1+ 18. Bf1 Qxf1# 0-1

[Event "Khanty-Mansiysk Governor Cup"]
[Site "Khanty-Mansiysk"]
[Date "2007.11.21"]
[Round "1"]
[White "Brygov, Igor"]
[Black "Gajsin, Evgenij"]
[Result "0-1"]
[WhiteElo "1900"]
[BlackElo "2436"]
[PlyCount "84"]
[EventDate "2007.11.21"]
[EventType "swiss"]
[EventRounds "9"]
[EventCountry "RUS"]
[SourceTitle "CBM 121 Extra"]
[Source "ChessBase"]
[SourceDate "2008.01.10"]
[SourceVersion "1"]
[SourceVersionDate "2008.01.10"]
[SourceQuality "1"]

1. d4 Nf6 2. c4 c5 3. d5 e6 4. Nc3 exd5 5. Nxd5 Nxd5 6. Qxd5 Nc6 7. Nf3 d6 8. Bd2 Be6 9. Qd3 d5 10. cxd5 Qxd5 11. e4 Qxd3 12. Bxd3 f6 13. Bb5 Rc8 14. 0-0 a6 15. Bxc6+ Rxc6 16. a4 b6 17. Rfe1 h6 18. Ra3 Kf7 19. Nh4 Bd6 20. Nf5 Be5 21. Bc1 g6 22. Ne3 Rd8 23. Kf1 Rd4 24. Nc2 Bc4+ 25. Kg1 Rd3 26. f4 Bc7 27. e5 Rxa3 28. Nxa3 Bb3 29. exf6 Re6 30. Rxe6 Kxe6 31. f5+ gxf5 32. a5 b5 33. Bxh6 Bxa5 34. Bg5 Bc7 35. g3 Be5 36. Bc1 Bxf6 37. Kf2 Kd5 38. Nb1 Kd4 39. Be3+ Kd3 40. Nd2 Bd5 41. b3 a5 42. h4 c4 0-1